[Event "BRA-ch 87th"]
[Site "Cuiaba"]
[Date "2021.11.04"]
[Round "11"]
[White "Cabral Teske, Luiz Fernando"]
[Black "Carstens Dobuchak, Thiago"]
[Result "0-1"]
[WhiteElo "1894"]
[BlackElo "2179"]
[PlyCount "94"]
[EventDate "2021.10.28"]
[EventType "swiss"]
[EventRounds "11"]
[EventCountry "BRA"]
[SourceTitle "CBM 205 Extra"]
[Source "ChessBase"]
[SourceDate "2022.01.31"]
[SourceVersion "1"]
[SourceVersionDate "2022.01.31"]
[SourceQuality "1"]

1. e4 c5 2. Nf3 d6 3. d4 cxd4 4. Nxd4 Nf6 5. Nc3 a6 6. h3 e5 7. Nde2 h5 8. g3 Be6 9. Bg2 Nbd7 10. 0-0 Be7 11. Be3 Rc8 12. a4 Nb6 13. b3 d5 14. Bxb6 Qxb6 15. exd5 Bf5 16. Rc1 Ba3 17. Rb1 Bb4 18. a5 Qxa5 19. Ra1 Qc5 20. Na4 Qxc2 21. d6 0-0 22. Bxb7 Rcd8 23. Qxc2 Bxc2 24. Bxa6 Rxd6 25. Bc4 Rd2 26. Nac3 Ne4 27. Nxe4 Bxe4 28. Ra4 Rb8 29. Ra7 Bd3 30. Bxd3 Rxd3 31. Rb1 Rd2 32. Nc1 Rd1+ 33. Kg2 Rc8 34. Ra4 Bd2 35. Rc4 Rxc4 36. bxc4 Rxc1 37. Rxc1 Bxc1 38. Kf3 f5 39. g4 hxg4+ 40. hxg4 g6 41. c5 Kf7 42. gxf5 gxf5 43. Ke2 Ke6 44. c6 Kd6 45. c7 Kxc7 46. Kd3 Kd6 47. Kc4 e4 0-1

[Event "BRA-ch 87th"]
[Site "Cuiaba"]
[Date "2021.11.01"]
[Round "7"]
[White "Cabral Teske, Luiz Fernando"]
[Black "Ribeiro Carrico, Victor Hugo"]
[Result "0-1"]
[WhiteElo "1894"]
[BlackElo "1791"]
[PlyCount "38"]
[EventDate "2021.10.28"]
[EventType "swiss"]
[EventRounds "11"]
[EventCountry "BRA"]
[SourceTitle "CBM 205 Extra"]
[Source "ChessBase"]
[SourceDate "2022.01.31"]
[SourceVersion "1"]
[SourceVersionDate "2022.01.31"]
[SourceQuality "1"]

1. e4 e5 2. Nf3 Nc6 3. Bc4 Nf6 4. d3 Bc5 5. c3 d6 6. 0-0 a6 7. a4 Ba7 8. Re1 Ng4 9. Re2 Qf6 10. h3 h5 11. Nbd2 g5 12. Qe1 Nb4 13. cxb4 Nxf2 14. Rxf2 g4 15. Kf1 g3 16. Re2 h4 17. Nb3 Bxh3 18. Bg5 Qxf3+ 19. Rf2 Bxg2+ 0-1

[Event "BRA-ch U26"]
[Site "Goiania"]
[Date "2017.10.21"]
[Round "4"]
[White "Cabral Teske, Luiz Fernando"]
[Black "Souza, Gustavo Horokoski"]
[Result "0-1"]
[WhiteElo "1894"]
[BlackElo "2002"]
[PlyCount "60"]
[EventDate "2017.10.19"]
[EventType "swiss"]
[EventRounds "7"]
[EventCountry "BRA"]
[SourceTitle "CBM 181 Extra"]
[Source "ChessBase"]
[SourceDate "2017.12.12"]
[SourceVersion "1"]
[SourceVersionDate "2017.12.12"]
[SourceQuality "1"]

1. e4 e6 2. d4 d5 3. Nd2 Nf6 4. e5 Nfd7 5. Bd3 c5 6. c3 Nc6 7. Ne2 cxd4 8. cxd4 f6 9. exf6 Nxf6 10. Nf3 Bd6 11. 0-0 0-0 12. h3 Bd7 13. Bf4 Bxf4 14. Nxf4 Ne4 15. Nh5 Be8 16. Ng3 Bg6 17. Re1 Rf4 18. Qc2 Nb4 19. Qd1 Nxd3 20. Qxd3 Nxg3 21. Qd2 Nh5 22. Rxe6 Rf6 23. Re5 Nf4 24. Qe3 Qf8 25. Kh2 Be4 26. Rc1 Nd3 27. Rc7 Nxe5 28. Nxe5 Rxf2 29. Nf3 Qxf3 30. Rxg7+ Kxg7 0-1

[Event "Cuiaba Contaud op"]
[Site "Cuiaba"]
[Date "2017.07.30"]
[Round "6"]
[White "Carmo, Jose Arlindo"]
[Black "Cabral Teske, Luiz Fernando"]
[Result "0-1"]
[WhiteElo "1691"]
[BlackElo "1907"]
[PlyCount "61"]
[EventDate "2017.07.28"]
[EventType "swiss"]
[EventRounds "6"]
[EventCountry "BRA"]
[SourceTitle "EXT 2018"]
[Source "ChessBase"]
[SourceDate "2017.10.13"]
[SourceVersion "1"]
[SourceVersionDate "2017.10.13"]
[SourceQuality "1"]

1. e4 c5 2. Nf3 d6 3. d4 cxd4 4. Nxd4 Nf6 5. Nc3 g6 6. Be2 Bg7 7. 0-0 Nc6 8. Be3 0-0 9. a4 Bd7 10. Nb3 Rc8 11. a5 Ne5 12. Bxa7 Rxc3 13. bxc3 Nxe4 14. Bd4 Qc7 15. Qe1 Rc8 16. f4 Nc6 17. Bxg7 Kxg7 18. Bd3 Nf6 19. Qg3 e5 20. f5 e4 21. fxg6 hxg6 22. Qf4 Bf5 23. Be2 Nd5 24. Qd2 Be6 25. c4 Nde7 26. Nd4 Ne5 27. Nxe6+ fxe6 28. Qf4 Nf5 29. Qxe4 Qc5+ 30. Kh1 Ng3+ 31. hxg3 0-1

[Event "Cuiaba Contaud op"]
[Site "Cuiaba"]
[Date "2017.07.29"]
[Round "3"]
[White "Cabral Teske, Luiz Fernando"]
[Black "Utiyama, Marcel Heimar Ribei"]
[Result "0-1"]
[WhiteElo "1907"]
[BlackElo "2209"]
[PlyCount "83"]
[EventDate "2017.07.28"]
[EventType "swiss"]
[EventRounds "6"]
[EventCountry "BRA"]
[SourceTitle "EXT 2018"]
[Source "ChessBase"]
[SourceDate "2017.10.13"]
[SourceVersion "1"]
[SourceVersionDate "2017.10.13"]
[SourceQuality "1"]

1. e4 c5 2. Nf3 Nc6 3. Bb5 d6 4. 0-0 Bd7 5. Re1 a6 6. Bxc6 Bxc6 7. d4 cxd4 8. Nxd4 Nf6 9. c4 e6 10. Nc3 Be7 11. Bg5 0-0 12. e5 dxe5 13. Nxc6 bxc6 14. Rxe5 Qb8 15. Bxf6 Bxf6 16. Re2 Qb4 17. Ne4 Qxc4 18. Nxf6+ gxf6 19. Rc2 Qe4 20. Rac1 Rfd8 21. Qh5 Rd5 22. Qe2 Qxe2 23. Rxe2 Rb8 24. Kf1 Rb6 25. Rec2 Kf8 26. b3 Rd6 27. Ke2 Ke7 28. Rc5 f5 29. Ke3 Kf6 30. f4 Ke7 31. R1c4 Kd7 32. h3 h5 33. Ra5 Kc7 34. Rca4 Kb7 35. Rd4 Rxd4 36. Kxd4 Rb4+ 37. Ke5 Kb6 38. Ra3 Re4+ 39. Kf6 Rxf4 40. b4 Rxb4 41. Kxf7 Rd4 42. Rg3 0-1

[Event "Cuiaba Contaud op"]
[Site "Cuiaba"]
[Date "2017.07.28"]
[Round "2"]
[White "Dutra, Liliam Guedes"]
[Black "Cabral Teske, Luiz Fernando"]
[Result "0-1"]
[WhiteElo "1557"]
[BlackElo "1907"]
[PlyCount "120"]
[EventDate "2017.07.28"]
[EventType "swiss"]
[EventRounds "6"]
[EventCountry "BRA"]
[SourceTitle "EXT 2018"]
[Source "ChessBase"]
[SourceDate "2017.10.13"]
[SourceVersion "1"]
[SourceVersionDate "2017.10.13"]
[SourceQuality "1"]

1. d4 Nf6 2. c4 g6 3. Nf3 Bg7 4. Nc3 d5 5. cxd5 Nxd5 6. e4 Nxc3 7. bxc3 c5 8. Be3 Nc6 9. Bb5 cxd4 10. Bxc6+ bxc6 11. cxd4 c5 12. 0-0 0-0 13. Rb1 Ba6 14. Re1 cxd4 15. Nxd4 Qd7 16. Qd2 Rfd8 17. Red1 Rac8 18. Rb4 Bb7 19. f3 a5 20. Rbb1 Rc4 21. Nb3 Qxd2 22. Nxd2 Rb4 23. a3 Rxb1 24. Rxb1 Ba6 25. Kf2 Rd3 26. Rb3 Rxb3 27. Nxb3 a4 28. Nc5 Bb5 29. Ke1 Bb2 30. Kd2 Bxa3 31. Kc3 e5 32. Nb7 f5 33. exf5 gxf5 34. Na5 Kf7 35. Nc4 Bxc4 36. Kxc4 Bb2 37. Bd2 Kf6 38. h3 e4 39. h4 h5 40. Bg5+ Ke6 41. fxe4 fxe4 42. g3 Be5 43. g4 hxg4 44. h5 g3 45. h6 g2 46. Be3 Kf6 47. Kb4 Kg6 48. Kxa4 Bh2 49. h7 Kxh7 50. Kb3 g1Q 51. Bxg1 Bxg1 52. Kc4 Kg6 53. Kc3 Kf5 54. Kd2 Kf4 55. Ke2 Kg3 56. Ke1 Kf3 57. Kf1 Bb6 58. Ke1 Ke3 59. Kd1 Kf2 60. Kc2 e3 0-1